000 00793nam a2200229 i 4500
001 bg
245 0 0 _aStan uszkodzenia lasów w Polsce w 1997 r. na podstawie badań monitoringowych /
_caut. Jerzy Wawrzoniak [et al.] ; Państwowa Inspekcja Ochrony Środowiska.
260 _aWarszawa :
_bPIOŚ,
_ccop.1998.
300 _a157 s. :
_bmapy, wykr. (w tym kolor.) +
_e30 cm.
490 1 _aBiblioteka Monitoringu Środowiska
504 _aBibliogr. s. 50-52.
650 9 _aLas
_xhigiena
_xbadanie
_zPolska
_ystan na 1997 r.
700 1 _aWAWRZONIAK, Jerzy
830 _aBiblioteka Monitoringu Środowiska
020 _a8372170304
040 _cBPK
041 0 _apl
080 _a630.4:504.064.3](438)
920 _a83-7217-030-4
942 _cKS
008 s pl f |000 0 pol
999 _c34773
_d34773
856 _uhttp://koha.tu.koszalin.pl/cgi-bin/koha/opac-detail.pl?biblionumber=34773
_yKatalog online BPK